000 00476nam a22001937a 4500
999 _c6410
_d6410
003 OSt
005 20191211130813.0
008 191211b ||||| |||| 00| 0 eng d
020 _a034072045x
040 _cDDC
082 _a150 GRO 2003
100 _aGross,Richard;
_93607
245 _aKey studies Psychology.
250 _a3rd ed.
300 _axiii,734p;
_bill,
_c26cm.
504 _aincludes references and index
650 _apsychology
_931
942 _2ddc
_cO_SHELF